000
00250nam a2200097Ia 4500
001
683109
005
20250826161431.0
008
250824s9999 xx 000 0 und d
245
0
_a
EFSANELER VE GERÇEKLER
_c
MUSTAFA ARMAĞAN
260
_b
TİMAŞ YAYINLARI
999
_c
683109
_d
683109